Goods and services tax : (Record no. 147154)

MARC details
000 -LEADER
fixed length control field 00623nam a22001817a 4500
005 - DATE AND TIME OF LATEST TRANSACTION
control field 20171103153648.0
010 ## - LCCN (DPL NO)
LC control number ENG-121216
020 ## - INTERNATIONAL STANDARD BOOK NUMBER
International Standard Book Number 9788131252604
Terms of availability 1845.00
035 ## - SYSTEM CONTROL NUMBER
System control number EN-104748
037 ## - SOURCE OF ACQUISITION
Source of stock number/acquisition DBAD/PUB
082 ## - DEWEY DECIMAL CLASSIFICATION NUMBER
Classification number 343.59570552
100 ## - MAIN ENTRY--PERSONAL NAME
Personal name Gupta, Atul Kumar
245 ## - TITLE STATEMENT
Title Goods and services tax :
Statement of responsibility, etc by S.N.Pandey [and] S.P. Misra
Remainder of title law, practice and procedures /
260 ## - PUBLICATION, DISTRIBUTION, ETC. (IMPRINT)
Place of publication, distribution, etc Gurgaon
Name of publisher, distributor, etc LexisNexis
Date of publication, distribution, etc 2017
270 ## - ADDRESS
Address 14th Floor, Building No.10, Tower-B, DLF Cyber City, Phase-II
City Gurgaon
Postal code 122002
300 ## - PHYSICAL DESCRIPTION
Extent Various Pagings :
Dimensions 25cm(pbk)
Other physical details ill.
942 ## - ADDED ENTRY ELEMENTS (KOHA)
Source of classification or shelving scheme Dewey Decimal Classification
Item type English Books
Classification part 343.59570552
Call number suffix GUP
Holdings
Withdrawn status Lost status Not for loan Collection code Home library Current library Date acquired Source of acquisition Cost, normal purchase price Full call number Barcode Copy number Cost, replacement price Koha item type
    Not For Loan Non-fiction D.B.Act.Division Bawana 03/11/2017 DBAD/PUB 1845.00 343.59570552 GUP EN-104748 1145.00 1845.00 English Books

© Delhi Public Library
Hit Counter
free hit counter